Najdłuższe nazwy stolic - Statystyki

Ogólne statystyki
  • Ten quiz został rozwiązany 83 razy
  • Średni wynik to 9 z 26
Statystyki odpowiedzi
Stolica % Poprawnych
Sri
Dźajawardanapura
Kotte
69%
Waszyngton
69%
Antananarywa
62%
Buenos Aires
61%
Kuala Lumpur
49%
Montevideo
38%
Wellington
38%
Bandar Seri Begawan
35%
Port-of-Spain
32%
Addis Abeba
31%
Port-au-Prince
31%
Luksemburg
30%
Port Moresby
30%
Brazzaville
27%
Bratysława
26%
Georgetown
25%
Paramaribo
25%
Santo Domingo
25%
Bridgetown
22%
Saint George's
22%
Saint John’s
22%
Jerozolima
21%
Tegucigalpa
21%
San Salvador
18%
Bloemfontein
17%
Basseterre
13%
Nie znaleziono quizów pasujących do podanych kryteriów
Rozkład punktacji
Procent ludzi z każdym wynikiem
Percentyl według liczby udzielonych odpowiedzi
Twoja historia wyników
Nie rozwiązałeś tego quizu